000 00337nam a2200145Ia 4500
008 191201s2012 xx 000 0 und d
082 _a670
_bJAP
100 _aJAIN,R.K
245 0 _aProduction Technology
250 _aRep
260 _aN.Delhi
_bKhanna Publisher
_c2012
300 _a1090
650 _aB.Tech(ME)
942 _2ddc
_cBK
_03
999 _c5205
_d5205